[Event "Niedersachsen-ch op-C"]
[Site "Verden an der Aller"]
[Date "2020.01.05"]
[Round "7"]
[White "Menke, Stefan"]
[Black "Hornstein, Leonhard Orell"]
[Result "1-0"]
[WhiteElo "1403"]
[BlackElo "1131"]
[PlyCount "57"]
[EventDate "2020.01.02"]
[EventType "swiss"]
[EventRounds "7"]
[EventCountry "GER"]
[SourceTitle "EXT 2023"]
[Source "ChessBase"]
[SourceDate "2022.10.05"]
[SourceVersion "1"]
[SourceVersionDate "2022.10.05"]
[SourceQuality "1"]

1. e4 c5 2. Nf3 e6 3. d4 cxd4 4. Nxd4 Nc6 5. Nxc6 bxc6 6. Bd3 d5 7. 0-0 Qc7 8. g3 Bd6 9. exd5 cxd5 10. Nc3 Bb7 11. Nb5 Qb8 12. Nxd6+ Qxd6 13. Bf4 e5 14. Bb5+ Kd8 15. Bd2 a5 16. c4 d4 17. Qg4 g6 18. Rfe1 h5 19. Qg5+ f6 20. Qxg6 Ne7 21. Qf7 Kc7 22. c5 Qd8 23. Qxf6 Nc6 24. Qg7+ Kb8 25. Bxc6 Bxc6 26. Qxe5+ Kb7 27. Qg7+ Kc8 28. Re6 Bd5 29. Rd6 1-0

[Event "Niedersachsen-ch op C"]
[Site "Verden"]
[Date "2019.01.03"]
[Round "2"]
[White "Menke, Stefan"]
[Black "Ristedt, Mathis"]
[Result "1-0"]
[WhiteElo "1284"]
[BlackElo "886"]
[PlyCount "63"]
[EventDate "2019.01.03"]
[EventType "swiss"]
[EventRounds "7"]
[EventCountry "GER"]
[SourceTitle "EXT 2022"]
[Source "ChessBase"]
[SourceDate "2021.10.06"]
[SourceVersion "1"]
[SourceVersionDate "2021.10.06"]
[SourceQuality "1"]

1. e4 e5 2. Nf3 Nc6 3. Bc4 Bc5 4. c3 Nf6 5. d4 exd4 6. cxd4 Bb4+ 7. Bd2 Bxd2+ 8. Nbxd2 0-0 9. 0-0 d6 10. Rb1 Bg4 11. e5 dxe5 12. dxe5 Nxe5 13. Qb3 Bxf3 14. Nxf3 Nxf3+ 15. Qxf3 c6 16. Rfd1 Qe7 17. Re1 Qc5 18. Rbc1 Qb4 19. Bb3 Rfe8 20. Red1 Re7 21. h3 Rae8 22. Qg3 Ne4 23. Qg4 Qb6 24. Qf3 Qb4 25. Rc4 Qa5 26. Ra4 Qb6 27. Rxe4 Rxe4 28. Bxf7+ Kh8 29. Bxe8 Rxe8 30. Qf7 Rg8 31. Rd7 Rb8 32. Qxg7# 1-0

[Event "Niedersachsen-ch op-D"]
[Site "Verden"]
[Date "2017.01.07"]
[Round "5"]
[White "Menke, Stefan"]
[Black "Kumas, Alina"]
[Result "1-0"]
[WhiteElo "1046"]
[BlackElo "845"]
[PlyCount "101"]
[EventDate "2017.01.05"]
[EventType "swiss"]
[EventRounds "7"]
[EventCountry "GER"]
[SourceTitle "CBM 187 Extra"]
[Source "ChessBase"]
[SourceDate "2018.11.04"]
[SourceVersion "1"]
[SourceVersionDate "2018.11.04"]
[SourceQuality "1"]

1. e4 e5 2. Nf3 Nc6 3. Bc4 Nf6 4. d3 d5 5. exd5 Nxd5 6. h3 Bc5 7. 0-0 0-0 8. Bg5 f6 9. Bh4 Be6 10. Nc3 Nxc3 11. Bxe6+ Kh8 12. bxc3 Re8 13. Bc4 a6 14. a4 Na5 15. Bb3 e4 16. dxe4 Rxe4 17. Qxd8+ Rxd8 18. Rad1 Nc6 19. Bd5 Ree8 20. Bg3 Bd6 21. Bxc6 bxc6 22. c4 Bxg3 23. fxg3 h6 24. Rxd8 Rxd8 25. Re1 g5 26. Re7 Rc8 27. Re6 h5 28. Rxf6 g4 29. hxg4 hxg4 30. Ne5 Rb8 31. Rh6+ Kg7 32. Rg6+ Kh7 33. Rxc6 Rb1+ 34. Kh2 Kg7 35. Rxc7+ Kf6 36. Nxg4+ Kf5 37. Ne3+ Ke4 38. Nd5 Kd4 39. c3+ Kd3 40. g4 Ke2 41. g5 Rb8 42. g6 Rg8 43. g7 Kf2 44. Nf6 Rd8 45. g8Q Rd6 46. Ne4+ Ke2 47. Nxd6 Kd3 48. Qd5+ Kc2 49. Ne4 a5 50. Rb7 Kc1 51. Qd2# 1-0